000
00493nam a22001097a 4500
082
_a
891.433/KAU/S
100
_a
विश्वम्भरनाथ शर्मा काैशिक
_9
83736
245
_a
धराेहर कहानियां विश्वम्भरनाथ शर्मा कौशिक
260
_a
प्रयागराज
_b
लोकभारती प्रकाशन 2025
650
_a
कहानियां
_9
83737
942
_c
HIN
999
_c
68694
_d
68694